000 00651nam a2200241Ia 4500
003 OSt
005 20220924122624.0
006 a|||||r|||| 00| 0
007 ta
008 220923b |||||||| |||| 00| 0 urd d
020 _c15
024 _a312910
037 _cTextual
040 _aARTS
_cARTS
_burd
041 _2urd
_aurd
082 _aO168,1M61x, L7.1
100 _aKazmi Sayed Zair Hussain
_9190123
245 0 _aManzumat-e-Safi
260 _aLucknow
_bAnwar Book Depot India
_c1977
650 _aURDU POETRY
942 _hO168,1M61x, L7.1
_cTEXL
_2CC
999 _c412383
_d412383